| 000 | 00639nam a2200217 u 4500 | ||
|---|---|---|---|
| 005 | 20210223132815.0 | ||
| 008 | 160205s2004 r 000 0 eng d | ||
| 020 | _a9788467708776 | ||
| 035 | _aUPN01000207881 | ||
| 049 | _aI | ||
| 050 | 4 |
_aGB662.3 _bJ5.2 |
|
| 100 | 1 |
_aJiménez, Núria _936300 |
|
| 245 | 1 | 3 |
_aEl agua / _cNúria Jiménez, Empar Jiménez ; il. de Rosa M Curto. |
| 260 |
_aMadrid : _bSusaeta, _c[20--]. |
||
| 300 |
_a35 p. : _bil. col. |
||
| 440 | 0 | _aCuidemos el planeta | |
| 650 | 4 |
_aAGUA - _vLITERATURA INFANTIL _922057 |
|
| 650 | 4 |
_aAGUA - _xCONSUMO _91025 |
|
| 700 | 1 |
_aJiménez, Empar, _ecoaut. |
|
| 905 | _aInfantil | ||
| 999 |
_c179982 _d179982 |
||